000 00705nam a2200229 a 4500
008
020 _a0435656430 (pbk.)
049 _aMAIN
090 _aQD251.2
_bMUR
100 1 _aMurray, Peter R. S.
245 1 0 _aPrinciples of organic chemistry :
_ba modern and comprehensive text for schools and colleges /
_cPeter R. S. Murray.
250 _a2nd ed.
260 _aLondon :
_bHeinemann Educational Books,
_c1977.
300 _a337 p. :
_bill. ;
_c23 cm.
500 _aIncludes index.
650 0 _aChemistry, Organic.
907 _a.b10048868
_b09-09-09
_c17-04-03
003
005 20230123133519.0
040 _cNUST
942 _cBOOKS
_kQD251.2
_mMUR
999 _c149890
_d149890